000 01111cam a22003014a 4500
003 OSt
005 20250306113912.0
008
020 _a9780323295079 (hardcover)
040 _cNUST
_aNUST
_beng
_dNUST
_erda
050 _aRC454 MAS
100 _aStern, Theodore A
_eAuthor
245 0 0 _aMassachusetts General Hospital comprehensive clinical psychiatry /
_cTheodore A Stern, Maurizio Fava, Timothy E Wilens and Jerrold F Rosenbaum.
250 _aSecond edition.
260 _aPhiladelphia :
_bMosby/Elsevier,
_c2008.
300 _axx, 1038 pages :
_bIllustrations ;
_c29 cm.
336 _2rdacontent
_atext
_btxt
337 _2rdamedia
_aunmediated
_bn
338 _2rdacarrier
_avolume
_bnc
504 _aIncludes bibliographical references and index.
650 0 _vPsychiatry.
650 0 _vMental disorders -- therapy.
650 0 _vPsychiatry -- methods.
700 1 _aFava, Maurizio
_eAuthor
700 1 _aWilens, Timothy E
_eAuthor
700 1 _aRosenbaum, Jerrold F
_eAuthor
942 _cBOOKS
_kRC
_mMAS
_2lcc
_eSecond edition.
_hRC454 MAS
_n0
999 _c130519
_d130519